Red and Green Quiz Stats

 Plays Quiz Updated Oct 4, 2018

Score 0/40 Timer 08:00
0 Plays Today
Hint Thing % Correct
World's largest islandGreenland
82.1%
Energy drink sometimes mixed with vodkaRed Bull
81%
Fairy tale protagonist chased by a wolfLittle Red Riding Hood
80.4%
Dr. Seuss book with only 50 different wordsGreen Eggs and Ham
74%
U.S based seafood restaurant chainRed Lobster
69.6%
Inlet separating Africa and AsiaRed Sea
69.2%
Detroit hockey teamRed Wings
68.8%
International environmental protection org.Greenpeace
66.6%
Masters golf tournament prizeGreen Jacket
65.2%
Clue/Cluedo board game suspectMr. or Rev. Green
62.5%
General Mills frozen veggie sellerGreen Giant
61.3%
Rock group with the hit album 'Dookie'Green Day
58.7%
Soft drink or chewing gum brandBig Red
58.2%
Special military force nicknameGreen Berets
56.4%
Ring wielding superheroGreen Lantern
56.2%
1984 Tom Clancy submarine novelThe Hunt for Red October
55.2%
Fenway Park's left field wallGreen Monster
53.8%
Farm based TV sitcom of the late 60'sGreen Acres
50.5%
Voice of Family Guy's Chris GriffinSeth Green
48.2%
International humanitarian movementRed Cross
47.2%
Hint Thing % Correct
Rock group with the hit 'Under the Bridge'Red Hot Chili Peppers
47.2%
Prequel to 'Silence of the Lambs'Red Dragon
45.2%
Traditional English folk love songGreensleeves
36.1%
U.S. anti-communism movement termRed Scare
35.3%
Stephen King novel and theater releaseThe Green Mile
32.7%
Manfred von Richthofen pseudonymThe Red Baron
31.2%
1984 Patrick Swayze war filmRed Dawn
30.1%
Boston Celtics coaching greatRed Auerbach
26.1%
Stephen Crane war novelThe Red Badge of Courage
24.3%
Tulane University team nicknameGreen Wave
23.9%
Britt Reid's crime fighting alter-egoGreen Hornet
20.3%
1973 Charlton Heston sci-fi flickSoylent Green
17.5%
Legendary Illinois halfback of the 1920'sHarold 'Red' Grange
16.7%
Canadian sitcom and sketch comedy showThe Red Green Show
15%
1991 film adapted from a Fannie Flagg novelFried Green Tomatoes
14.8%
1908 Montgomery novel based in CanadaAnne of Green Gables
14%
British sci-fi sitcom starring a CatRed Dwarf
12.1%
Titular radio and TV clown '41-'71Red Skelton
11.4%
Publisher of a Linux variantRed Hat
11%
Peter Gabriel hit song from 'So'Red Rain
5.6%

You're not logged in!

Compare scores with friends on all Sporcle quizzes.
OR
Log In

Sporcle TV

Today on Sporcle TV


Watch our educational content, quiz creation guides, and fun videos on Sporcle TV.

Show Comments

Extras

Top Quizzes Today


Score Distribution

Your Account Isn't Verified!

In order to create a playlist on Sporcle, you need to verify the email address you used during registration. Go to your Sporcle Settings to finish the process.

Report this User

Report this user for behavior that violates our Community Guidelines.

Details: